Biggest Metropolitan Areas in Japan in 2005 - Statistics

General Stats
  • This quiz has been taken 53 times
  • The average score is 8 of 10
Answer Stats
Population Answer % Correct
19M Osaka
100%
36M Tokyo
100%
2.6M Sapporo
98%
2.0M Hiroshima
93%
8.9M Nagoya
93%
5.6M Fukuoka
83%
2.3M Sendai
72%
1.6M Okayama
54%
1.4M Niigata
52%
1.5M Kumamoto
33%
No matching quizzes found
Score Distribution
Percent of People with Each Score
Percentile by Number Answered
Your Score History
You have not taken this quiz